000 01460cam a2200373 i 4500
001 data
005 20260322212109.0
008 data
035 _a22007961
906 _a7
_bcbc
_corigode
_d3
_encip
_f20
_gy-gencatlg
925 0 _aacquire
_b1 shelf copy
_xpolicy default
010 _a 2021316272
040 _aDLC
_beng
_cDLC
_erda
041 0 _aeng
_aeng
042 _alcode
_alcode
050 0 0 _aBS1200.A42
_bB85 2020
245 0 0 _aBụ́kụ́ í́jọ̃ ụ̃kụ rĩ agá tõwú rĩ kî :
_bÍ'dón̳, Ãfũn̳á, Ãzị́tán̳á, Amvin̳á, Rụ́tụ̃ Ị́jó U'bén̳á = Five of the Old testament books : Genesis, Exodus, Deuteronomy, Ruth, Proverbs.
246 3 1 _aFive of the Old testament books :
_bGenesis, Exodus, Deuteronomy, Ruth, Proverbs
264 1 _aKampala :
_bWycliffe Bible Translators, Inc. in cooperation with H.I.E., Here is Life!,
_c2020.
300 _avii, 312 pages :
_billustrations ;
_c21 cm
336 _atext
_btxt
_2rdacontent
337 _aunmediated
_bn
_2rdamedia
338 _avolume
_bnc
_2rdacarrier
546 _aText in Aringa, parallel title in English.
630 0 0 _aBible.
_pGenesis.
630 0 0 _aBible.
_pExodus.
630 0 0 _aBible.
_pDeuteronomy.
630 0 0 _aBible.
_pRuth.
630 0 0 _aBible.
_pProverbs.
710 2 _aWycliffe Bible Translators,
_eissuing body.
710 2 _aHere is Life! (Organization),
_eissuing body.
985 _eODE-nb
999 _c1616
_d1616